ბათუმის შოთა რუსთაველის სახელმწიფო უნივერსიტეტის ბიბლიოთეკა

Featurecam. Featuremill. Training course (ბიბ.ჩანაწერი № 49213)

000 -LEADER
fixed length control field 00598nam a2200205Ia 4500
001 - CONTROL NUMBER
control field 16125
003 - CONTROL NUMBER IDENTIFIER
control field GE_BSU
008 - FIXED-LENGTH DATA ELEMENTS--GENERAL INFORMATION
fixed length control field 181216s||||||||xx |||||||||||||| ||und||
040 ## - CATALOGING SOURCE
Transcribing agency GE_BSU
080 ## - UNIVERSAL DECIMAL CLASSIFICATION NUMBER
Universal Decimal Classification number 6
245 ## - TITLE STATEMENT
Title Featurecam. Featuremill. Training course
245 ## - TITLE STATEMENT
Remainder of title Declam. Advanced Manufacturing. Powering your productivity
260 ## - PUBLICATION, DISTRIBUTION, ETC.
Date of publication, distribution, etc. 2014
300 ## - PHYSICAL DESCRIPTION
Extent 380p.30cm.
653 ## - INDEX TERM--UNCONTROLLED
Uncontrolled term (ქსეროქსი)
653 ## - INDEX TERM--UNCONTROLLED
Uncontrolled term Declam. Advanced Manufacturing. Powering your productivity
653 ## - INDEX TERM--UNCONTROLLED
Uncontrolled term Featurecam. Featuremill. Training course
653 ## - INDEX TERM--UNCONTROLLED
Uncontrolled term ტექნიკა
942 ## - ADDED ENTRY ELEMENTS (KOHA)
Koha item type წიგნი
ეგზემპლარები
Withdrawn status Lost status Damaged status Not for loan Date acquired Barcode Date last seen Price effective from Koha item type
        2018-12-17 17 ქსეროქსი 2018-12-17 2018-12-17 წიგნი